A carteira de meu tio (Record no. 188533)

MARC details
000 -LÍDER
campo de controle de tamanho fixo 00345 a2200157 4500
001 - NÚMERO DE CONTROLE
campo de controle 188533
020 ## - ISBN - INTERNATIONAL STANDARD BOOK NUMBER
ISBN - International Standard Book Number 85-7175-078-5
040 ## - FONTE DA CATALOGAÇÃO
Instituição que transcreveu o registro Magnum
100 ## - ENTRADA PRINCIPAL--NOME PESSOAL
Nome pessoal Macedo, Joaquim Manuel de
240 10 - TÍTULO UNIFORME
Título uniforme A carteira de meu tio
Idioma da obra por
245 10 - TÍTULO
Título A carteira de meu tio
300 ## - DESCRIÇÃO FÍSICA
Extensão 126
362 0# - DATAS DE PUBLICAÇÃO E/OU DESIGNAÇÃO SEQUENCIAL
Datas de publicação e/ou designação sequencial 2001
697 ## - ENTRADA DE ASSUNTO LOCAL--ENTIDADE COLETIVA (RLIN)
Nome corporativo ou nome da jurisdição LITERATURA GERAL
942 ## - ELEMENTOS DE ENTRADA ADICIONADOS (KOHA)
Tipo de material Koha Livros
Holdings
Situação do descarte Situação das perdas Situação física Não pode ser emprestado Biblioteca de origem Biblioteca atual Data de aquisição Total de empréstimos Número de chamada completo Código de barras Data de último acesso Data do preço efetivo Tipo de material Koha
        Magnum Magnum 08/06/2024   869.4.607 MAG00061706 08/06/2024 08/06/2024 Livros
        Magnum Magnum 08/06/2024   869.4.607 MAG00061707 08/06/2024 08/06/2024 Livros
        Magnum Magnum 08/06/2024   869.4.607 MAG00061708 08/06/2024 08/06/2024 Livros
        Magnum Magnum 08/06/2024   869.4.607 MAG00061709 08/06/2024 08/06/2024 Livros
        Magnum Magnum 08/06/2024   869.4.607 MAG00061710 08/06/2024 08/06/2024 Livros
        Magnum Magnum 08/06/2024   869.4.607 MAG00061711 08/06/2024 08/06/2024 Livros
        Magnum Magnum 08/06/2024   869.4.607 MAG00061712 08/06/2024 08/06/2024 Livros
        Magnum Magnum 08/06/2024   869.4.607 MAG00061713 08/06/2024 08/06/2024 Livros
        Magnum Magnum 08/06/2024   869.4.607 MAG00061714 08/06/2024 08/06/2024 Livros
        Magnum Magnum 08/06/2024   869.4.607 MAG00061715 08/06/2024 08/06/2024 Livros
        Magnum Magnum 08/06/2024   869.4.607 MAG00061716 08/06/2024 08/06/2024 Livros
        Magnum Magnum 08/06/2024   869.4.607 MAG00061717 08/06/2024 08/06/2024 Livros